K problematike komunikácie a komunikačných štruktúr vo vyučovaní anglického jazyka
Špecifiká komunikácie vo výučbe anglického jazyka.
Saved in:
| Main Author: | |
|---|---|
| Format: | Book Chapter |
| Language: | Slovak |
| Subjects: | |
| Tags: |
No Tags, Be the first to tag this record!
|
MARC
| LEADER | 00000naa a2200000 4500 | ||
|---|---|---|---|
| 001 | 0166125 | ||
| 005 | 20221103131514.5 | ||
| 041 | 0 | |a slo | |
| 044 | |a SK | ||
| 245 | 1 | 0 | |a K problematike komunikácie a komunikačných štruktúr vo vyučovaní anglického jazyka |c Martina Šipošová |
| 520 | |a Špecifiká komunikácie vo výučbe anglického jazyka. | ||
| 610 | 2 | 0 | |a komunikácia |
| 610 | 2 | 0 | |a výučba vedecká |
| 610 | 2 | 0 | |a jazyky cudzie |
| 610 | 2 | 0 | |a angličtina |
| 100 | 1 | |a Šipošová, Martina | |